000 00759cam a2200181 i 4500
005 20251215105539.0
008 250721s1985 iq gr 000 0 ara d
082 1 4 _a216,9
_bس م ر
100 1 _aالسمرقندي، أبو نصر أحمد بن محمد
_eمؤلف.
245 1 0 _aكتاب رسوم القضاه /
_cمن املاء الحاكم الامام ابي نصر احمد بن محمد السمرقندي ؛ بتحقيق محمد جاسم الحديثي.
264 3 1 _aبغداد :
_bالدار الوطنية،
_c1985.
300 _a289صفحه.
490 0 _aكتب التراث ؛
_v 124
650 1 7 _aالأحكام السلطانية.
700 1 _aالحديثي، محمد جاسم
_eتحقيق.
942 _2ddc
_cBK
999 _c2778
_d2778